Sustainable livelihoods in community-based coastal resource management
The three volumes series are the results of a partner's identified and managed three year capability building programme on community - based Coastal Resource Management that began in 1996. The capability buiding programme evolved from OGB and its partners collectively identifying prioritising...
Đã lưu trong:
| 格式: | 圖書 |
|---|---|
| 語言: | Undetermined |
| 出版: |
Bohol, Philippines
CBCRM Resource Center & sponsored by OXFAM-Great Britain
2003
|
| 主題: | |
| 標簽: |
添加標簽
沒有標簽, 成為第一個標記此記錄!
|
| Thư viện lưu trữ: | Trung tâm Học liệu Trường Đại học Cần Thơ |
|---|
| LEADER | 01184nam a2200193Ia 4500 | ||
|---|---|---|---|
| 001 | CTU_143962 | ||
| 008 | 210402s9999 xx 000 0 und d | ||
| 082 | |a 333.91 | ||
| 082 | |b S964/Vol.2 | ||
| 245 | 0 | |a Sustainable livelihoods in community-based coastal resource management | |
| 245 | 0 | |c CBCRM Resource Center & sponsored by OXFAM-Great Britain | |
| 260 | |a Bohol, Philippines | ||
| 260 | |b CBCRM Resource Center & sponsored by OXFAM-Great Britain | ||
| 260 | |c 2003 | ||
| 520 | |a The three volumes series are the results of a partner's identified and managed three year capability building programme on community - based Coastal Resource Management that began in 1996. The capability buiding programme evolved from OGB and its partners collectively identifying prioritising and committing to build their capacities on the following themes or areas of concern to make their respective CBCRM progammes effective. | ||
| 650 | |a Coastal zone management,Fishery management,Quản lý vùng ven biển,Quản lý nghề cá | ||
| 650 | |x Citizen participation,Tham gia của cộng đồng | ||
| 904 | |i Giang | ||
| 980 | |a Trung tâm Học liệu Trường Đại học Cần Thơ | ||